000 00530cam a22002051 4500
001 he 67000225
003 DLC
005 20260227111443.0
008 841015s1951 is 000 0 heb
010 _ahe 67000225
035 _a(OCoLC)19182705
040 _aDLC
_cMH
_dCU
_dDLC
042 _apremarc
050 0 0 _aPJ5054.U68
_bM5
100 1 _aUr, Erela.
245 1 0 _aMin-he-ʻafar :
_bshirim.
260 _aTel Aviv :
_bMaḥbarot le-sifrut,
_c712 [1951 or 1952]
300 _a84 p. ;
_c19 cm.
752 _aIsrael
_dTel Aviv
999 _c32120
_d32120